000 00330 a2200157 4500
001 73149
020 _a
040 _cAnchieta - Colégio São Paulo
100 _aDanelli, Sônia Cunha de S.
240 1 0 _aGeografia
_lpor
245 1 0 _aGeografia
300 _a
362 0 _a0
650 4 _aGeografia e viagens
942 _cBK
999 _c73149
_d73149